MARC

LEADER 00000nam0a2200000 4500
001 260116
005 20231101233441.0
035 |a (RuTPU)RU\TPU\book\283062 
090 |a 260116 
100 |a 20140514d1972 k y0rusy50 ca 
101 1 |a rus  |c eng 
102 |a RU 
105 |a a z 001zy 
200 1 |a Физика Земли  |e пер. с англ.  |f Ф. Д. Стейси  |g под ред. В. Н. Жаркова 
210 |a Москва  |c Мир  |d 1972 
215 |a 342 с.  |c ил. 
320 |a Библиогр.: с. 315-333. 
320 |a Именной указатель: с. 334-337. 
320 |a Предметный указатель: с. 338-340. 
606 1 |a Земля  |x Физика  |2 stltpush  |3 (RuTPU)RU\TPU\subj\11740  |9 38647 
610 1 |a Солнечная система 
610 1 |a вращение 
610 1 |a сейсмология 
610 1 |a строение 
610 1 |a геомагнитное поле 
610 1 |a палеомагнетизм 
610 1 |a ползучесть 
610 1 |a радиоактивность 
610 1 |a внутреннее тепло 
675 |a 550.3  |v 3 
700 1 |a Стейси  |b Ф. Д.  |g Фрэнк Д. 
702 1 |a Жарков  |b В. Н.  |4 340 
801 1 |a RU  |b 63413507  |c 20140514 
801 2 |a RU  |b 63413507  |c 20190411  |g RCR 
942 |c BK